"E" Synonyms - Statistics

General Stats
  • This quiz has been taken 170 times
    149 since last reset
  • The average score is 13 of 20
Answer Stats
Word E Synonym % Correct
Simple Easy
89%
Devour Eat
88%
Foe Enemy
88%
Premature Early
83%
Gigantic Enormous
79%
Sufficient Enough
79%
Night Time Evening
79%
World Earth
76%
Forever Eternity / Endless / Eternal
76%
Void Empty
66%
Ovum Egg
64%
Black Ebony
60%
Bad Evil
60%
Orient East
59%
Magnify Enlarge / Expand
56%
Completely Entirely
47%
Peculiar Eccentric / Eerie
40%
Arouse Excite
37%
Outside Exterior
26%
Repeat Echo
18%
No matching quizzes found
Score Distribution
Percent of People with Each Score
Percentile by Number Answered
Your Score History
You have not taken this quiz since the last reset